000 00592nam a22002057a 4500
003 OSt
005 20151029151652.0
008 130308t xxu||||| |||| 00| 0 eng d
020 _a1853264504
050 _aPS 153
_b.C771 1997
082 _aIB 821.008
100 _aCook, Tim
245 _aThe wordsworth book of restoration and eighteenth - century verse
_cEdited and with an introduction by Tim Cook
260 _aWare, Eng
_bWordsworth Editions Limited
_c1997
300 _a439 pages.
_c20 cm
_bill.;
526 _c1210L 1700L
562 _e1
942 _2lcc
_cBK
999 _c2288
_d2288